000 01848nam a2200313 u 4500
001 000460141
003 AM-YeHGA
005 20250617133553.0
008 041012s2004 ||| r 000 0 rus d
020 _a966623243X
040 _aAM-YeHGA
041 0 _arus
245 0 0 _aПоверхностные явления и фазовые превращения в конденсированных пленках /
_cН.Т. Гладких, С.В. Дукаров, А.П. Крышталь, В.И. Ларин, В.Н. Сухов, С.И. Богатыренко; Под ред.: Н.Т. Гладких.
260 _aХарьков :
_bХарьков. нац. ун-т им. В. Н. Каразина,
_c2004.
300 _a275 с.
_bил., табл.
500 _aНа тит. л.: К 200-летию Харьков. нац. ун-та им. В. Н. Каразина
504 _aБиблиогр.: с. 259-275
650 1 4 _aХимическая физика
_xПоверхностные слои и их свойства
_vПособие для специалистов
650 1 4 _aФизика твердого тела
_xТонкие слои твердых тел
_vПособие для специалистов
650 1 4 _aКристаллография
_xТонкие слои твердых тел
_vПособие для специалистов
653 _aконденсированные пленки
700 1 _aГладких, Николай Тимофеевич
_eред.
_4edt
700 1 _aДукаров, Сергей Валентинович
700 1 _aКрышталь, Александр Петрович
700 1 _aЛарин, Виталий Иванович
700 1 _aСухов, Владимир Николаевич
700 1 _aБогатыренко, Сергей Иванович
090 _c168917
999 _c167487
_d167487